00759nam a2200229 a 4500999001500000003000900015005001700024008004100041020002700082020003000109040001000139082001300149100001800162245007900180250001200259260003700271300001300308650002200321856006400343942001200407952011000419 c2852d2852PK-NaQUE20250715085957.0250715b ||||| |||| 00| 0 eng d a0632029617 (paperback) a9780632029617 (paperback) cQUEST a552.5TUC1 aTucker, M. E.10aSedimentary Petrology: an introduction to the origin of sedimentary rocks  a2nd ed. bBlackwell Scientific Pub.c1991. a272 p. ; aSedimentary rocks40uhttp://10.10.170.122:8080/browse/book/27786yDownload eBook cBK2ddc 001040708REFaREFbREFd2014-05-13g722.70l0o552.5TUC (Shelf - 34B)p17178r2014-05-13 00:00:00yBK